| 000 | 00419nam a22001571c 4500 | ||
|---|---|---|---|
| 001 | a987682008 | ||
| 008 | 051003s1988 gw |||| 000u eng d | ||
| 041 | _aeng | ||
| 245 | 0 | 0 |
_aBlackwell Encyclopedia of the Russian Revolution / _cH. Shukman |
| 264 |
_aOxford : _bBlackwell, _c1988 |
||
| 300 | _a418 S. Leinen | ||
| 700 | 1 |
_aShukman, Harold _eHerausgeberIn |
|
| 942 | _cMG | ||
| 040 | _cRU-10907106 | ||
| 003 | RU-10907106 | ||
| 999 |
_c8612 _d8612 |
||